Mười năm đầu đời của bé = My first tenyears

Zapisane w:
Opis bibliograficzny
Format: Książka
Język:Undetermined
Wydane: Thành phố Hồ Chí Minh Trẻ 2004
Hasła przedmiotowe:
Etykiety: Dodaj etykietę
Nie ma etykietki, Dołącz pierwszą etykiete!
Thư viện lưu trữ: Trung tâm Học liệu Trường Đại học Cần Thơ
LEADER 00494nam a2200181Ia 4500
001 CTU_94527
008 210402s9999 xx 000 0 und d
020 |c 60000 
082 |a 649.68 
082 |b M558 
245 0 |a Mười năm đầu đời của bé = 
245 0 |b My first tenyears 
260 |a Thành phố Hồ Chí Minh 
260 |b Trẻ 
260 |c 2004 
650 |a Child rearing 
904 |i Trúc 
980 |a Trung tâm Học liệu Trường Đại học Cần Thơ